[Event "European zonal 3 group A"]
[Site "Warsaw POL"]
[Date "1979.01.??"]
[Round "5"]
[White "Prandstetter, Eduard"]
[Black "Gheorghiu, Florin"]
[Result "1-0"]
[WhiteElo "2385"]
[BlackElo "2540"]
[EventDate "1979.01.06"]
[PlyCount "113"]

1.e4 c5 2.Nf3 e6 3.d4 cxd4 4.Nxd4 a6 5.Nc3 Qc7 6.Bd3 Nf6 7.f4 d6 8.Be3 b5 
9.a3 Bb7 10.O-O Nbd7 11.Qf3 Nc5 12.Rae1 Be7 13.Bf2 Nfd7 14.g4 g6 15.Qe2 
O-O 16.Qd2 Rae8 17.b4 Nxd3 18.cxd3 e5 19.Nde2 f5 20.gxf5 gxf5 21.Be3 Kh8 
22.Ng3 Bh4 23.Re2 fxe4 24.dxe4 Nb6 25.f5 Nc4 26.Qc1 Rg8 27.Rg2 Qf7 28.Bf2 
Rg4 29.h3 Rg5 30.Kh2 Reg8 31.Rfg1 R5g7 32.Be3 d5 33.Nxd5 Bxd5 34.exd5 
Bxg3+ 35.Rxg3 Rxg3 36.Rxg3 Rxg3 37.Kxg3 Qxf5 38.Kh2 Kg8 39.Bc5 e4 40.Qg1+ 
Kf7 41.Bd4 Ne5 42.Bxe5 Qxe5+ 43.Qg3 Qxd5 44.Qf4+ Kg6 45.Qg4+ Kf6 46.Qh4+ 
Qg5 47.Qxh7 Qf4+ 48.Kg1 Qg3+ 49.Kf1 Qf3+ 50.Ke1 Ke5 51.Qc7+ Kd4 52.Qc5+ 
Kd3 53.Qd5+ Kc3 54.Qd2+ Kb3 55.Qd1+ Kxa3 56.Qxf3+ exf3 57.h4 1-0

[Event "European zonal 3 group A"]
[Site "Warsaw POL"]
[Date "1979.01.??"]
[Round "5"]
[White "Radulov, Ivan"]
[Black "Ribli, Zoltan"]
[Result "1/2-1/2"]
[WhiteElo "2485"]
[BlackElo "2595"]
[EventDate "1979.01.06"]
[PlyCount "30"]

1.c4 c5 2.Nc3 g6 3.g3 Bg7 4.Bg2 Nc6 5.e3 e6 6.Nge2 Nge7 7.O-O O-O 8.d4 
cxd4 9.Nxd4 d5 10.cxd5 Nxd5 11.Nxd5 Nxd4 12.exd4 exd5 13.Be3 Be6 14.Qb3 
Qd7 15.Rac1 Rac8 1/2-1/2

[Event "European zonal 3 group A"]
[Site "Warsaw POL"]
[Date "1979.01.??"]
[Round "5"]
[White "Skrobek, Ryszard"]
[Black "Inkiov, Ventzislav"]
[Result "1/2-1/2"]
[WhiteElo "2370"]
[BlackElo "2460"]
[EventDate "1979.01.06"]
[PlyCount "121"]

1.e4 c5 2.Nf3 Nc6 3.d4 cxd4 4.Nxd4 Nf6 5.Nc3 e6 6.Ndb5 Bb4 7.a3 Bxc3+ 8.
Nxc3 d5 9.Bd3 Ne5 10.Bb5+ Bd7 11.Bxd7+ Qxd7 12.exd5 Nxd5 13.Nxd5 exd5 14.
O-O O-O 15.b3 Rad8 16.Re1 Nc6 17.Bb2 Qf5 18.Qd2 Rfe8 19.Rxe8+ Rxe8 20.Re1 
Rxe1+ 21.Qxe1 h6 22.Qc3 f6 23.Qc5 Qe4 24.Kf1 Kh7 25.f3 Qe6 26.Qb5 Qf5 27.
Qe2 a6 28.Ke1 Kg6 29.g4 Qd7 30.f4 Kf7 31.Kd2 Qd6 32.Qf3 Ne7 33.Kc1 Ng6 34.
f5 Ne7 35.Qf2 Nc6 36.Qb6 Qe7 37.Kb1 Kg8 38.h4 Kh7 39.Qg1 Qe4 40.g5 Qxf5 
41.gxf6 gxf6 42.Qb6 Qd7 43.Qf2 f5 44.h5 Qf7 45.Qf4 d4 46.Bc1 Qe6 47.Qc7+ 
Qe7 48.Qc8 Qf7 49.Bf4 d3 50.c4 Qxh5 51.Qxb7+ Kg8 52.Qc8+ Kf7 53.Qd7+ Ne7 
54.Qxd3 Qh1+ 55.Kb2 h5 56.b4 h4 57.b5 axb5 58.cxb5 Qg2+ 59.Qc2 Qxc2+ 60.
Kxc2 Nd5 61.Bh2 1/2-1/2

[Event "European zonal 3 group A"]
[Site "Warsaw POL"]
[Date "1979.01.??"]
[Round "5"]
[White "Sznapik, Aleksander"]
[Black "Lengyel, Levente"]
[Result "1/2-1/2"]
[WhiteElo "2435"]
[BlackElo "2455"]
[EventDate "1979.01.06"]
[PlyCount "75"]

1.e4 e5 2.Nf3 Nc6 3.Bb5 a6 4.Ba4 Nf6 5.O-O Be7 6.Re1 b5 7.Bb3 d6 8.c3 O-O 
9.h3 Nd7 10.d4 Bf6 11.Be3 Na5 12.Bc2 Nc4 13.Bc1 Bb7 14.a4 exd4 15.cxd4 c5 
16.Nc3 Qb6 17.axb5 axb5 18.Rxa8 Bxa8 19.Qd3 g6 20.d5 Qa5 21.Nxb5 Nde5 22.
Qe2 Nxf3+ 23.gxf3 Qxb5 24.Bd3 Qd7 25.Bxc4 Qxh3 26.f4 Re8 27.Qf1 Qc8 28.Qg2
Bb7 29.b3 Ba6 30.Be3 Bxc4 31.bxc4 Qa6 32.Rc1 Qa3 33.e5 dxe5 34.Qe4 Qa8 35.
Bxc5 exf4 36.Qxf4 Be5 37.Qf3 Bb2 38.Rc2 1/2-1/2

[Event "European zonal 3 group A"]
[Site "Warsaw POL"]
[Date "1979.01.??"]
[Round "6"]
[White "Gheorghiu, Florin"]
[Black "Skrobek, Ryszard"]
[Result "1-0"]
[WhiteElo "2540"]
[BlackElo "2370"]
[EventDate "1979.01.06"]
[PlyCount "61"]

1.d4 Nf6 2.c4 e6 3.Nf3 b6 4.a3 c5 5.e3 Bb7 6.Nc3 d5 7.cxd5 Nxd5 8.Bb5+ Bc6
9.Bd3 cxd4 10.exd4 Be7 11.Ne5 O-O 12.O-O Bb7 13.Qc2 Nf6 14.Rd1 Nc6 15.Qa4 
Rc8 16.Ba6 Qc7 17.Nb5 Qb8 18.Nxc6 Bxc6 19.Bxc8 Rxc8 20.Qxa7 Bxb5 21.Qxe7 
Rc2 22.h3 Bc6 23.Rd2 Rc4 24.Rd3 Be4 25.Rg3 Rxd4 26.Be3 Rd7 27.Qb4 Bg6 28.
Qxb6 Rb7 29.Qc6 Rxb2 30.Rc1 Rb1 31.Ba7 1-0

[Event "European zonal 3 group A"]
[Site "Warsaw POL"]
[Date "1979.01.??"]
[Round "6"]
[White "Lengyel, Levente"]
[Black "Jansa, Vlastimil"]
[Result "1/2-1/2"]
[WhiteElo "2455"]
[BlackElo "2495"]
[EventDate "1979.01.06"]
[PlyCount "24"]

1.Nf3 c5 2.c4 g6 3.e4 Nc6 4.d4 cxd4 5.Nxd4 Nf6 6.Nc3 d6 7.Be2 Nxd4 8.Qxd4 
Bg7 9.O-O O-O 10.Bg5 Be6 11.Qd2 Qa5 12.Rac1 a6 1/2-1/2

[Event "European zonal 3 group A"]
[Site "Warsaw POL"]
[Date "1979.01.??"]
[Round "6"]
[White "Portisch, Ferenc"]
[Black "Prandstetter, Eduard"]
[Result "0-1"]
[WhiteElo "2475"]
[BlackElo "2385"]
[EventDate "1979.01.06"]
[PlyCount "72"]

1.d4 d5 2.c4 e6 3.Nc3 Nf6 4.cxd5 exd5 5.Bg5 Be7 6.e3 c6 7.Qc2 Bg4 8.Nge2 
h6 9.Bh4 Qd7 10.f3 Bf5 11.Qd2 Bh7 12.Bf2 O-O 13.Ng3 Bd6 14.Bd3 Bxd3 15.
Qxd3 Bxg3 16.hxg3 Na6 17.g4 Nh7 18.Rh5 Nb4 19.Qb1 a5 20.a3 Na6 21.Qd3 Rad8
22.O-O-O b5 23.Rdh1 b4 24.Na4 Qb7 25.Be1 bxa3 26.Qxa3 Qb5 27.Nc5 Nxc5 28.
dxc5 d4 29.exd4 Rxd4 30.Qxa5 Rc4+ 31.Kb1 Qb3 32.Bc3 Rb8 33.Kc1 Nf6 34.Kd2 
Nxh5 35.Rxh5 Re8 36.g5 Ra4 0-1

[Event "European zonal 3 group A"]
[Site "Warsaw POL"]
[Date "1979.01.??"]
[Round "6"]
[White "Radulov, Ivan"]
[Black "Sznapik, Aleksander"]
[Result "0-1"]
[WhiteElo "2485"]
[BlackElo "2435"]
[EventDate "1979.01.06"]
[PlyCount "92"]

1.e4 g6 2.d4 Bg7 3.Nc3 d6 4.f4 Nf6 5.Nf3 O-O 6.Be3 b6 7.e5 Ng4 8.Bg1 c5 9.
h3 Nh6 10.d5 Nd7 11.Qe2 b5 12.O-O-O b4 13.Ne4 Nb6 14.g4 Bb7 15.c3 bxc3 16.
Nxc3 dxe5 17.Nxe5 Nxd5 18.Nxd5 Bxd5 19.Bg2 e6 20.Nc6 Qb6 21.Bxd5 exd5 22.
Ne7+ Kh8 23.Nxd5 Qa5 24.Qc4 Rab8 25.Rh2 Ng8 26.Rc2 Rfc8 27.Bf2 Re8 28.Bxc5
Rec8 29.b3 Rb5 30.b4 Qa3+ 31.Kd2 Rb7 32.Qb3 Qa6 33.Kc1 Nf6 34.Qd3 Qa4 35.
Nxf6 Bxf6 36.g5 Bg7 37.Qd8+ Rxd8 38.Rxd8+ Bf8 39.Rxf8+ Kg7 40.Rc8 Qa3+ 41.
Kd2 Rd7+ 42.Ke1 Qg3+ 43.Rf2 Qc3+ 44.Kf1 Qxh3+ 45.Ke1 Qh1+ 46.Rf1 Qe4+ 0-1

[Event "European zonal 3 group A"]
[Site "Warsaw POL"]
[Date "1979.01.??"]
[Round "6"]
[White "Ribli, Zoltan"]
[Black "Inkiov, Ventzislav"]
[Result "1/2-1/2"]
[WhiteElo "2595"]
[BlackElo "2460"]
[EventDate "1979.01.06"]
[PlyCount "29"]

1.c4 e6 2.Nf3 Nf6 3.g3 d5 4.Bg2 Be7 5.O-O O-O 6.d4 dxc4 7.Ne5 Nc6 8.Nxc6 
bxc6 9.Na3 Bxa3 10.bxa3 Nd5 11.Qa4 Nb6 12.Qxc6 Rb8 13.Qc5 Ba6 14.Bf4 Nd5 
15.Rab1 1/2-1/2

[Event "European zonal 3 group A"]
[Site "Warsaw POL"]
[Date "1979.01.??"]
[Round "7"]
[White "Inkiov, Ventzislav"]
[Black "Gheorghiu, Florin"]
[Result "1/2-1/2"]
[WhiteElo "2460"]
[BlackElo "2540"]
[EventDate "1979.01.06"]
[PlyCount "87"]

1.e4 c5 2.Nc3 Nc6 3.Nge2 e5 4.Nd5 g6 5.Nec3 a6 6.a4 Bg7 7.Bc4 Nge7 8.d3 
Nxd5 9.Nxd5 d6 10.Be3 Rb8 11.Qd2 Be6 12.O-O h6 13.a5 Ne7 14.Nb6 Nc6 15.Bd5
Bxd5 16.Nxd5 g5 17.c4 O-O 18.b4 cxb4 19.Bb6 Qd7 20.Nxb4 f5 21.f3 Rf7 22.
Nd5 Rbf8 23.Rab1 fxe4 24.fxe4 Rxf1+ 25.Rxf1 Rxf1+ 26.Kxf1 Qf7+ 27.Kg1 Ne7 
28.Ne3 Bf8 29.Qe2 Kh7 30.Qg4 Ng6 31.g3 Kg8 32.Kg2 Qe8 33.Qf5 Qf7 34.Qc8 h5
35.Qd8 g4 36.Nf5 Kh7 37.Qc7 Kg8 38.Qd8 Kh7 39.h3 gxh3+ 40.Kxh3 Ne7 41.Qd7 
Kg8 42.Bd8 Nc6 43.Qxf7+ Kxf7 44.Bc7 1/2-1/2

[Event "European zonal 3 group A"]
[Site "Warsaw POL"]
[Date "1979.01.??"]
[Round "7"]
[White "Jansa, Vlastimil"]
[Black "Radulov, Ivan"]
[Result "0-1"]
[WhiteElo "2495"]
[BlackElo "2485"]
[EventDate "1979.01.06"]
[PlyCount "79"]

1.e4 c5 2.Nf3 d6 3.d4 cxd4 4.Nxd4 Nf6 5.Nc3 a6 6.Be2 e6 7.O-O Be7 8.f4 O-O
9.Kh1 Qc7 10.Qe1 b5 11.Bf3 Bb7 12.e5 Ne8 13.f5 Bxf3 14.Nxf3 b4 15.f6 gxf6 
16.exd6 Bxd6 17.Ne4 Kh8 18.Nxd6 Qxd6 19.Qe4 Nc6 20.Bh6 Rg8 21.Rad1 Qc7 22.
Rd2 Rd8 23.Rxd8 Nxd8 24.Qxb4 Qxc2 25.Bd2 Nc6 26.Qc3 Qg6 27.Nh4 Qe4 28.Re1 
Qd5 29.Nf3 Ne5 30.Qd4 Qb7 31.Rf1 Nc7 32.Qh4 Nd5 33.Nxe5 fxe5 34.Qe4 Qc7 
35.h3 f5 36.Qe2 e4 37.Rc1 Qg7 38.Bc3 e5 39.Bd2 e3 40.Be1 0-1

[Event "European zonal 3 group A"]
[Site "Warsaw POL"]
[Date "1979.01.??"]
[Round "7"]
[White "Prandstetter, Eduard"]
[Black "Lengyel, Levente"]
[Result "1/2-1/2"]
[WhiteElo "2385"]
[BlackElo "2455"]
[EventDate "1979.01.06"]
[PlyCount "28"]

1.e4 e6 2.d4 d5 3.Nd2 c5 4.exd5 exd5 5.Bb5+ Bd7 6.Qe2+ Be7 7.dxc5 Nf6 8.
Nb3 O-O 9.Be3 Re8 10.Nf3 Bxc5 11.Bxd7 Nbxd7 12.Nxc5 Nxc5 13.O-O Qc7 14.Nd4
a6 1/2-1/2

[Event "European zonal 3 group A"]
[Site "Warsaw POL"]
[Date "1979.01.??"]
[Round "7"]
[White "Skrobek, Ryszard"]
[Black "Portisch, Ferenc"]
[Result "1/2-1/2"]
[WhiteElo "2370"]
[BlackElo "2475"]
[EventDate "1979.01.06"]
[PlyCount "107"]

1.e4 e6 2.d4 d5 3.Nd2 c5 4.exd5 exd5 5.Ngf3 Nc6 6.Bb5 Bd6 7.dxc5 Bxc5 8.
O-O Ne7 9.Nb3 Bd6 10.Bg5 O-O 11.Re1 Bg4 12.h3 Bh5 13.Bxc6 bxc6 14.Nbd4 Rc8
15.Qe2 Re8 16.g4 Bg6 17.Nf5 Bxf5 18.gxf5 Qd7 19.Nh4 Nxf5 20.Qg4 g6 21.Bf6 
Bc5 22.b4 Bf8 23.Nxf5 Qxf5 24.Qxf5 gxf5 25.Kh1 h6 26.Rg1+ Kh7 27.Rg3 Re6 
28.Bd4 a6 29.c3 Rce8 30.Rf3 Re1+ 31.Rxe1 Rxe1+ 32.Kg2 Bg7 33.Rxf5 Bxd4 34.
cxd4 Kg7 35.Rf3 Rb1 36.Rg3+ Kh7 37.a3 Rc1 38.Kf3 Rc4 39.Ke3 a5 40.bxa5 Ra4
41.Kf4 Rxd4+ 42.Ke5 Ra4 43.Kd6 Rxa5 44.Kxc6 d4 45.Kb6 Rd5 46.Rd3 Kg6 47.a4
Kf5 48.f3 Ke5 49.a5 Rd6+ 50.Kb7 Rd7+ 51.Kc6 Rd6+ 52.Kc5 Rd5+ 53.Kb4 Rd6 
54.Kc5 1/2-1/2

[Event "European zonal 3 group A"]
[Site "Warsaw POL"]
[Date "1979.01.??"]
[Round "7"]
[White "Sznapik, Aleksander"]
[Black "Ribli, Zoltan"]
[Result "1/2-1/2"]
[WhiteElo "2435"]
[BlackElo "2595"]
[EventDate "1979.01.06"]
[PlyCount "23"]

1.c4 g6 2.Nc3 c5 3.g3 Bg7 4.Bg2 Nc6 5.e3 e6 6.Nge2 Nge7 7.O-O O-O 8.d4 
cxd4 9.Nxd4 d5 10.cxd5 Nxd5 11.Nxd5 Nxd4 12.exd4 1/2-1/2

[Event "European zonal 3 group A"]
[Site "Warsaw POL"]
[Date "1979.01.??"]
[Round "8"]
[White "Lengyel, Levente"]
[Black "Skrobek, Ryszard"]
[Result "1/2-1/2"]
[WhiteElo "2455"]
[BlackElo "2370"]
[EventDate "1979.01.06"]
[PlyCount "36"]

1.Nf3 e6 2.g3 d5 3.Bg2 c5 4.O-O Nc6 5.d4 Bd7 6.c4 dxc4 7.dxc5 Bxc5 8.Nbd2 
Na5 9.Ne4 Be7 10.Nd6+ Bxd6 11.Qxd6 Bc6 12.Qa3 b5 13.Bf4 Ne7 14.Rfd1 Qb6 
15.Be3 Qc7 16.Bf4 Qb6 17.Be3 Qc7 18.Bf4 Qb6 1/2-1/2

[Event "European zonal 3 group A"]
[Site "Warsaw POL"]
[Date "1979.01.??"]
[Round "8"]
[White "Portisch, Ferenc"]
[Black "Inkiov, Ventzislav"]
[Result "1/2-1/2"]
[WhiteElo "2475"]
[BlackElo "2460"]
[EventDate "1979.01.06"]
[PlyCount "34"]

1.d4 d5 2.c4 dxc4 3.Nf3 Nf6 4.e3 e6 5.Bxc4 c5 6.O-O a6 7.Qe2 b5 8.Bb3 Bb7 
9.a4 Nbd7 10.axb5 axb5 11.Rxa8 Qxa8 12.Nc3 b4 13.Nb5 Qa5 14.e4 Be7 15.e5 
Nd5 16.Bg5 Bc6 17.Nd6+ Bxd6 1/2-1/2

[Event "European zonal 3 group A"]
[Site "Warsaw POL"]
[Date "1979.01.??"]
[Round "8"]
[White "Radulov, Ivan"]
[Black "Prandstetter, Eduard"]
[Result "1/2-1/2"]
[WhiteElo "2485"]
[BlackElo "2385"]
[EventDate "1979.01.06"]
[PlyCount "52"]

1.e4 e6 2.d4 d5 3.Nd2 Nf6 4.e5 Nfd7 5.Bd3 c5 6.c3 Nc6 7.Ne2 Qb6 8.Nf3 cxd4
9.cxd4 f6 10.exf6 Nxf6 11.O-O Bd6 12.Nc3 O-O 13.Re1 Bd7 14.Be3 Kh8 15.Rc1 
Rac8 16.Na4 Qa5 17.Nc5 Bxc5 18.Rxc5 Qxa2 19.Qd2 b6 20.Rc3 Qa5 21.Rec1 Ne4 
22.Bxe4 dxe4 23.Ng5 Qf5 24.Qc2 Nb4 25.Qxe4 Qxe4 26.Nxe4 Nd5 1/2-1/2

[Event "European zonal 3 group A"]
[Site "Warsaw POL"]
[Date "1979.01.??"]
[Round "8"]
[White "Sznapik, Aleksander"]
[Black "Jansa, Vlastimil"]
[Result "0-1"]
[WhiteElo "2435"]
[BlackElo "2495"]
[EventDate "1979.01.06"]
[PlyCount "75"]

1.e4 c5 2.Nf3 d6 3.d4 Nf6 4.Nc3 cxd4 5.Nxd4 e6 6.Be2 a6 7.f4 Be7 8.O-O O-O
9.Kh1 Qc7 10.Qe1 b5 11.Bf3 Bb7 12.e5 Ne8 13.Qg3 Nd7 14.a3 Rc8 15.Be3 Nb6 
16.Rae1 Nc4 17.Bxb7 Qxb7 18.Bc1 g6 19.Ne4 Qd5 20.Nf3 Ng7 21.b3 Nf5 22.Qf2 
Na5 23.g4 dxe5 24.gxf5 exf5 25.Ng3 e4 26.Qd4 Rfd8 27.Bb2 f6 28.Qxd5+ Rxd5 
29.Rf2 exf3 30.c4 Rd7 31.cxb5 axb5 32.Rxf3 Rc2 33.Ba1 Kf7 34.a4 bxa4 35.
bxa4 Ra2 36.h4 h5 37.Nf1 Nc4 38.Ng3 0-1

[Event "European zonal 3 group A"]
[Site "Warsaw POL"]
[Date "1979.01.??"]
[Round "9"]
[White "Inkiov, Ventzislav"]
[Black "Lengyel, Levente"]
[Result "1/2-1/2"]
[WhiteElo "2460"]
[BlackElo "2455"]
[EventDate "1979.01.06"]
[PlyCount "27"]

1.e4 e5 2.Nf3 Nc6 3.Bb5 a6 4.Ba4 Nf6 5.O-O Be7 6.Bxc6 dxc6 7.Re1 Nd7 8.d4 
exd4 9.Qxd4 O-O 10.Bf4 Nc5 11.Qxd8 Bxd8 12.Nbd2 f5 13.Be5 fxe4 14.Nxe4 
1/2-1/2

[Event "European zonal 3 group A"]
[Site "Warsaw POL"]
[Date "1979.01.??"]
[Round "9"]
[White "Jansa, Vlastimil"]
[Black "Ribli, Zoltan"]
[Result "1/2-1/2"]
[WhiteElo "2495"]
[BlackElo "2595"]
[EventDate "1979.01.06"]
[PlyCount "25"]

1.Nf3 Nf6 2.c4 b6 3.g3 Bb7 4.Bg2 e6 5.O-O Be7 6.d4 O-O 7.Nc3 Ne4 8.Nxe4 
Bxe4 9.Ne1 Bxg2 10.Nxg2 d5 11.Qa4 Qe8 12.Qxe8 Rxe8 13.cxd5 1/2-1/2

[Event "European zonal 3 group A"]
[Site "Warsaw POL"]
[Date "1979.01.??"]
[Round "9"]
[White "Prandstetter, Eduard"]
[Black "Sznapik, Aleksander"]
[Result "1/2-1/2"]
[WhiteElo "2385"]
[BlackElo "2435"]
[EventDate "1979.01.06"]
[PlyCount "30"]

1.e4 c5 2.Nf3 d6 3.d4 cxd4 4.Nxd4 Nf6 5.Nc3 a6 6.Be3 e6 7.f4 Nbd7 8.Bd3 b5
9.a3 Bb7 10.O-O Be7 11.Qf3 Qc7 12.Rae1 Nc5 13.Bf2 O-O 14.Qh3 g6 15.Nf3 Nh5
1/2-1/2

[Event "European zonal 3 group A"]
[Site "Warsaw POL"]
[Date "1979.01.??"]
[Round "9"]
[White "Skrobek, Ryszard"]
[Black "Radulov, Ivan"]
[Result "1-0"]
[WhiteElo "2370"]
[BlackElo "2485"]
[EventDate "1979.01.06"]
[PlyCount "45"]

1.e4 c5 2.Nf3 Nc6 3.d4 cxd4 4.Nxd4 Nf6 5.Nc3 d6 6.Bc4 Qb6 7.Nb3 e6 8.O-O 
a6 9.a4 Qc7 10.a5 Nb4 11.Bd3 d5 12.Be3 Bd6 13.f4 e5 14.Bb6 Qe7 15.exd5 O-O
16.Re1 Nbxd5 17.fxe5 Bxe5 18.Nxd5 Nxd5 19.Qh5 f5 20.Bc4 Qd6 21.Bc5 Qe6 22.
Rad1 Rd8 23.Rxd5 1-0

[Event "European zonal 3 group B"]
[Site "Warsaw POL"]
[Date "1979.01.??"]
[Round "1"]
[White "Ghinda, Mihail Viorel"]
[Black "Ghitescu, Theodor"]
[Result "1/2-1/2"]
[WhiteElo "2455"]
[BlackElo "2400"]
[EventDate "1979.01.06"]
[PlyCount "26"]

1.Nf3 d5 2.b3 Nc6 3.Bb2 Bg4 4.e3 a6 5.h3 Bh5 6.Be2 Bxf3 7.Bxf3 e5 8.O-O 
Nf6 9.c4 e4 10.Be2 dxc4 11.Bxc4 Be7 12.d4 exd3 13.Bxd3 Nb4 1/2-1/2

[Event "European zonal 3 group B"]
[Site "Warsaw POL"]
[Date "1979.01.??"]
[Round "1"]
[White "Popov, Luben"]
[Black "Ermenkov, Evgeny"]
[Result "1/2-1/2"]
[WhiteElo "2430"]
[BlackElo "2495"]
[EventDate "1979.01.06"]
[PlyCount "40"]

1.e4 Nc6 2.Bc4 Ne5 3.Bb3 Ng6 4.d3 a5 5.Nc3 c6 6.Nf3 e5 7.Be3 Bb4 8.a3 
Bxc3+ 9.bxc3 a4 10.Ba2 Qa5 11.Qd2 Nf6 12.h3 d6 13.O-O Be6 14.Bxe6 fxe6 15.
c4 Qxd2 16.Nxd2 Kd7 17.f4 exf4 18.Bxf4 Nxf4 19.Rxf4 Rhf8 20.Raf1 e5 
1/2-1/2

[Event "European zonal 3 group B"]
[Site "Warsaw POL"]
[Date "1979.01.??"]
[Round "1"]
[White "Schmidt, Wlodzimierz"]
[Black "Kuligowski, Adam"]
[Result "0-1"]
[WhiteElo "2430"]
[BlackElo "2495"]
[EventDate "1979.01.06"]
[PlyCount "68"]

1.d4 Nf6 2.c4 c5 3.d5 e6 4.Nc3 exd5 5.cxd5 d6 6.e4 g6 7.Nf3 Bg7 8.Bg5 h6 
9.Bh4 a6 10.Nd2 b5 11.a4 b4 12.Ncb1 Qe7 13.f3 g5 14.Bf2 O-O 15.Be2 Nbd7 
16.Nc4 Nh5 17.Nbd2 Nf4 18.O-O f5 19.Re1 Nxe2+ 20.Rxe2 f4 21.e5 dxe5 22.Ne4
a5 23.Rc1 Ba6 24.Rec2 Bxc4 25.Rxc4 Rfd8 26.Bxc5 Qf7 27.Bd6 Nb6 28.Rc5 Rd7 
29.Rb5 Nc8 30.Rc6 Qg6 31.Rxa5 Rxa5 32.Rxc8+ Kf7 33.Bc5 Qa6 34.Bxb4 Raxd5 
0-1

[Event "European zonal 3 group B"]
[Site "Warsaw POL"]
[Date "1979.01.??"]
[Round "1"]
[White "Sikora-Lerch, Jan"]
[Black "Smejkal, Jan"]
[Result "1/2-1/2"]
[WhiteElo "2430"]
[BlackElo "2550"]
[EventDate "1979.01.06"]
[PlyCount "78"]

1.e4 e5 2.Bc4 Nf6 3.d3 Nc6 4.Nc3 Bc5 5.Bg5 Na5 6.Qf3 c6 7.Nge2 h6 8.Bxf6 
Qxf6 9.Qxf6 gxf6 10.a3 Nxc4 11.dxc4 Rg8 12.Ng3 d6 13.Na4 Bd4 14.c3 Bb6 15.
Nxb6 axb6 16.O-O Be6 17.b3 Ke7 18.a4 Rg5 19.Ra2 h5 20.f4 exf4 21.Rxf4 b5 
22.cxb5 Bxb3 23.Rd2 Be6 24.Nf5+ Bxf5 25.exf5 d5 26.bxc6 bxc6 27.Rb2 Kd6 
28.g3 Ra7 29.Kg2 Rg8 30.c4 Rg4 31.Rxg4 hxg4 32.cxd5 Rxa4 33.dxc6 Kxc6 34.
Rf2 Kd5 35.h3 gxh3+ 36.Kxh3 Ke5 37.g4 Ra3+ 38.Kh4 Ra1 39.Kg3 Ra3+ 1/2-1/2

[Event "European zonal 3 group B"]
[Site "Warsaw POL"]
[Date "1979.01.??"]
[Round "2"]
[White "Ermenkov, Evgeny"]
[Black "Ghitescu, Theodor"]
[Result "1/2-1/2"]
[WhiteElo "2495"]
[BlackElo "2400"]
[EventDate "1979.01.06"]
[PlyCount "62"]

1.e4 c5 2.Nf3 d6 3.d4 cxd4 4.Nxd4 Nf6 5.Nc3 a6 6.a4 e5 7.Nf3 Qc7 8.Be2 Be7
9.O-O O-O 10.Re1 b6 11.Bf1 h6 12.h3 Be6 13.Nd5 Nxd5 14.exd5 Bf5 15.c4 a5 
16.b3 Na6 17.Nd2 Bg5 18.Bb2 Nc5 19.Nb1 Qd8 20.Nc3 Qf6 21.Ra2 Qg6 22.Ba1 e4
23.Nb5 e3 24.Nd4 Bd7 25.Nf3 exf2+ 26.Rxf2 Bf4 27.Re7 Rae8 28.Rfe2 Rxe7 29.
Rxe7 Re8 30.Rxe8+ Bxe8 31.Qd4 Bg3 1/2-1/2

[Event "European zonal 3 group B"]
[Site "Warsaw POL"]
[Date "1979.01.??"]
[Round "2"]
[White "Popov, Luben"]
[Black "Sikora-Lerch, Jan"]
[Result "1/2-1/2"]
[WhiteElo "2430"]
[BlackElo "2430"]
[EventDate "1979.01.06"]
[PlyCount "36"]

1.c4 c5 2.Nf3 g6 3.d4 cxd4 4.Nxd4 Nc6 5.e4 Nf6 6.Nc3 d6 7.Be2 Nxd4 8.Qxd4 
Bg7 9.Bg5 O-O 10.Qd2 Bd7 11.O-O Bc6 12.f3 a6 13.Rac1 b5 14.Nd5 Nxd5 15.
cxd5 Bd7 16.Rc2 Qb6+ 17.Be3 Qb7 18.Rfc1 Rfc8 1/2-1/2

[Event "European zonal 3 group B"]
[Site "Warsaw POL"]
[Date "1979.01.??"]
[Round "2"]
[White "Sax, Gyula"]
[Black "Ghinda, Mihail Viorel"]
[Result "1-0"]
[WhiteElo "2590"]
[BlackElo "2455"]
[EventDate "1979.01.06"]
[PlyCount "51"]

1.e4 c5 2.Nf3 d6 3.d4 cxd4 4.Nxd4 Nf6 5.Nc3 a6 6.Be3 e6 7.g4 h6 8.Qe2 b5 
9.a3 Bb7 10.f3 Nbd7 11.h4 d5 12.exd5 Nxd5 13.Nxd5 Bxd5 14.O-O-O Rc8 15.Kb1
Nc5 16.Nf5 Rc7 17.Bd4 Rd7 18.Nxg7+ Bxg7 19.Bxg7 Rg8 20.Bc3 Na4 21.Be5 Rxg4
22.Rxd5 Rxd5 23.fxg4 Rd1+ 24.Ka2 Qd5+ 25.c4 bxc4 26.Bg2 1-0

[Event "European zonal 3 group B"]
[Site "Warsaw POL"]
[Date "1979.01.??"]
[Round "2"]
[White "Smejkal, Jan"]
[Black "Schmidt, Wlodzimierz"]
[Result "1/2-1/2"]
[WhiteElo "2550"]
[BlackElo "2430"]
[EventDate "1979.01.06"]
[PlyCount "48"]

1.Nf3 c5 2.c4 Nf6 3.Nc3 d5 4.cxd5 Nxd5 5.e3 Nxc3 6.bxc3 g6 7.Bb5+ Bd7 8.
Qb3 Qc7 9.Rb1 b6 10.Ng5 e6 11.c4 Bg7 12.Bb2 O-O 13.Bxg7 Kxg7 14.O-O Nc6 
15.Qb2+ f6 16.Ne4 Rad8 17.Rfd1 e5 18.Nc3 Be6 19.Bxc6 Qxc6 20.d3 Rf7 21.e4 
Rd4 22.Nb5 Rd8 23.Nc3 Rd4 24.Ne2 Rd8 1/2-1/2

[Event "European zonal 3 group B"]
[Site "Warsaw POL"]
[Date "1979.01.??"]
[Round "3"]
[White "Ghitescu, Theodor"]
[Black "Sax, Gyula"]
[Result "1/2-1/2"]
[WhiteElo "2400"]
[BlackElo "2590"]
[EventDate "1979.01.06"]
[PlyCount "74"]

1.c4 g6 2.e4 e5 3.d4 Nf6 4.Nf3 Bb4+ 5.Bd2 Bxd2+ 6.Qxd2 Nxe4 7.Qe3 d5 8.
cxd5 Qxd5 9.Bd3 Qa5+ 10.Ke2 Nf6 11.Qxe5+ Qxe5+ 12.Nxe5 Be6 13.Nc3 Ke7 14.
f4 Rd8 15.Rhf1 Nc6 16.Nxc6+ bxc6 17.f5 gxf5 18.Bxf5 Rxd4 19.Bxe6 fxe6 20.
Rac1 Rg8 21.g3 Rg5 22.Rcd1 c5 23.Rd3 Ng4 24.Rxd4 cxd4 25.Ne4 Rb5 26.b3 Ne3
27.Rc1 Nd5 28.Kd3 e5 29.Rf1 Rb6 30.Rf5 Ke6 31.Rh5 Nf6 32.Nxf6 Kxf6 33.Rxh7
c5 34.Ke4 Rd6 35.Rh6+ Ke7 36.Rh7+ Kf6 37.Rh6+ Ke7 1/2-1/2

[Event "European zonal 3 group B"]
[Site "Warsaw POL"]
[Date "1979.01.??"]
[Round "3"]
[White "Schmidt, Wlodzimierz"]
[Black "Popov, Luben"]
[Result "1/2-1/2"]
[WhiteElo "2430"]
[BlackElo "2430"]
[EventDate "1979.01.06"]
[PlyCount "25"]

1.d4 Nf6 2.c4 c5 3.d5 b5 4.cxb5 a6 5.e3 g6 6.Nc3 Bg7 7.a4 Bb7 8.Nf3 O-O 9.
Ra3 e6 10.dxe6 fxe6 11.Be2 axb5 12.Nxb5 d5 13.O-O 1/2-1/2

[Event "European zonal 3 group B"]
[Site "Warsaw POL"]
[Date "1979.01.??"]
[Round "3"]
[White "Sikora-Lerch, Jan"]
[Black "Ermenkov, Evgeny"]
[Result "0-1"]
[WhiteElo "2430"]
[BlackElo "2495"]
[EventDate "1979.01.06"]
[PlyCount "66"]

1.e4 c5 2.f4 Nc6 3.Nf3 g6 4.Bb5 Bg7 5.Bxc6 dxc6 6.d3 Nf6 7.Nc3 O-O 8.O-O 
b6 9.Qe1 Ne8 10.Qh4 Nd6 11.f5 gxf5 12.Bh6 Bxh6 13.Qxh6 f6 14.Nh4 Nf7 15.
Qh5 fxe4 16.Rae1 Ne5 17.Rxe4 Rf7 18.Nf3 Ng6 19.Re3 Rg7 20.Ne4 Be6 21.Ng3 
Qd7 22.Qh6 Nf8 23.Nh4 Re8 24.Ngf5 Bxf5 25.Nxf5 Rg6 26.Qh3 Kh8 27.Nh4 Rg5 
28.Nf5 Ng6 29.Rg3 Rxg3 30.hxg3 Rg8 31.Qh6 e6 32.Nh4 Qf7 33.Qf4 Nxf4 0-1

[Event "European zonal 3 group B"]
[Site "Warsaw POL"]
[Date "1979.01.??"]
[Round "4"]
[White "Ermenkov, Evgeny"]
[Black "Sax, Gyula"]
[Result "1/2-1/2"]
[WhiteElo "2495"]
[BlackElo "2590"]
[EventDate "1979.01.06"]
[PlyCount "39"]

1.e4 c5 2.Nf3 d6 3.d4 cxd4 4.Nxd4 Nf6 5.Nc3 e6 6.Be2 a6 7.f4 Qc7 8.O-O Be7
9.Kh1 O-O 10.Qe1 Nc6 11.Be3 Nxd4 12.Bxd4 b5 13.Qg3 Bb7 14.a3 Bc6 15.Rae1 
Qb7 16.Bd3 b4 17.axb4 Qxb4 18.Ne2 Qb7 19.Nc3 Qb4 20.Ne2 1/2-1/2

[Event "European zonal 3 group B"]
[Site "Warsaw POL"]
[Date "1979.01.??"]
[Round "4"]
[White "Kuligowski, Adam"]
[Black "Ghitescu, Theodor"]
[Result "1-0"]
[WhiteElo "2495"]
[BlackElo "2400"]
[EventDate "1979.01.06"]
[PlyCount "85"]

1.d4 d5 2.c4 dxc4 3.Nf3 Nf6 4.e3 Bg4 5.Bxc4 e6 6.Nc3 Nbd7 7.O-O Bd6 8.h3 
Bh5 9.e4 e5 10.Be2 O-O 11.dxe5 Nxe5 12.Nd4 Bxe2 13.Qxe2 Ng6 14.Ndb5 Bc5 
15.Na4 Qe7 16.Nxc5 Qxc5 17.Nc3 Rfe8 18.Be3 Qa5 19.f3 c6 20.Qf2 b6 21.Rad1 
Re6 22.Rd4 b5 23.b4 Qa3 24.Qc2 Rae8 25.Bc1 Qa6 26.f4 Qb6 27.Be3 Nf8 28.e5 
Qb7 29.Bf2 Nd5 30.Nxd5 cxd5 31.Qd3 Ra6 32.Rxd5 Ne6 33.Be3 Rxa2 34.Qxb5 
Qxb5 35.Rxb5 g6 36.Rb7 a6 37.f5 Ng7 38.fxg6 fxg6 39.Rff7 Nf5 40.Bc5 Ra1+ 
41.Kh2 Re1 42.g4 Re2+ 43.Kh1 1-0